000
00288nam a22001097a 4500
082
_a
297٫57م س ر
100
_a
مسرت لغاری
245
_a
تیسری آنکھ سے: روحانی اقوال و افکار
260
_a
راولپنڈی
_c
۱۹۹۸
300
_a
۳۲۰
942
_c
BK
999
_c
15106
_d
15106